000 00182nam a2200073Ia 4500
008 180219s9999 xx 000 0 und d
100 _aSharma Manjulata
245 0 _aPratibhasalio Ki Shiksha
260 _aShipra Delhi
999 _c41193
_d41193